书目信息 |
| 题名: |
化工过程及设备实验指导
|
|
| 作者: | 罗曼科夫 主编 ;谭天恩 , 王绍亭 译 | |
| 分册: | ||
| 出版信息: | 北京 化学工业出版社 1959 |
|
| 页数: | 214页 | |
| 开本: | 26cm | |
| 丛书名: | ||
| 单 册: | ||
| 中图分类: | TQ02 | |
| 科图分类: | ||
| 主题词: | 化工设备--专业学校--教学参考资料 , 化工过程--专业学校--教学参考资料 | |
| 电子资源: | ||
| ISBN: | ||
| 000 | 00858nam0 2200253 45 | |
| 001 | 0194005439 | |
| 005 | 20060316102630.60 | |
| 010 | @dCNY1.00 | |
| 100 | @a19940216d1959 em y0chiy0121 ea | |
| 101 | 1 | @achi@crus |
| 102 | @aCN@b110000 | |
| 105 | @ay z 000yy | |
| 200 | 10 | @a化工过程及设备实验指导@Ahua gong guo cheng ji she bei shi yan zhi dao@f(苏)П·Г·罗曼科夫主编@F(su)П·Г·luo man ke fu zhu bian@g谭天恩,王绍亭译@Gtan tian en,wang shao ting yi |
| 210 | @a北京@c化学工业出版社@d1959 | |
| 215 | @a214页@d26cm | |
| 300 | @a高等学校教学用书 | |
| 606 | @a化工设备@x专业学校@x教学参考资料 | |
| 606 | @a化工过程@x专业学校@x教学参考资料 | |
| 690 | @aTQ02@v三版 | |
| 701 | 0 | @a罗曼科夫@Aluo man ke fu@4主编 |
| 702 | 0 | @a谭天恩@Atan tian en@4译 |
| 702 | 0 | @a王绍亭@Awang shao ting@4译 |
| 801 | 0 | @aCN@bTSSF@c20060316 |
| 905 | @a10447@dTQ02@e1 | |
| 化工过程及设备实验指导/(苏)П·Г·罗曼科夫主编/谭天恩,王绍亭译.-北京:化学工业出版社,1959 |
| 214页;26cm |
| 高等学校教学用书 |
| ISBN :CNY1.00 |
| ● |
| 相关链接 |
|
|
|
|
正题名:化工过程及设备实验指导
索取号:TQ02/1
 
预约/预借
| 序号 | 登录号 | 条形码 | 馆藏地/架位号 | 状态 | 备注 |
| 1 | 0015925 | 202187980 | 密集书库/ [索取号:TQ02/1] | 在馆 |